[Event "COL pre olympic sf (Women)"]
[Site "Bogota"]
[Date "2016.05.30"]
[Round "9"]
[White "Paez, Sussi Brigitte"]
[Black "Velasco, Luz Mariela"]
[Result "0-1"]
[WhiteElo "1324"]
[BlackElo "1745"]
[PlyCount "36"]
[EventDate "2016.05.25"]
[EventType "swiss"]
[EventRounds "9"]
[EventCountry "COL"]
[SourceTitle "CBM 172 Extra"]
[Source "ChessBase"]
[SourceDate "2016.06.21"]
[SourceVersion "1"]
[SourceVersionDate "2016.06.21"]
[SourceQuality "1"]

1. d4 Nf6 2. Nf3 g6 3. c4 Bg7 4. e3 d6 5. Nc3 a6 6. Qd2 Nc6 7. a3 Bd7 8. Bd3 0-0 9. 0-0 Rb8 10. Qc2 b5 11. cxb5 axb5 12. Bxb5 d5 13. Bd2 Ne4 14. Nxe4 Nxd4 15. Nxd4 Bxb5 16. Nxb5 dxe4 17. Qxe4 Rxb5 18. Qf3 Qxd2 0-1

[Event "COL-ch (Women)"]
[Site "Quibdo"]
[Date "2015.11.14"]
[Round "8"]
[White "Velasco, Luz Mariela"]
[Black "Benavides Moncayo, Olga"]
[Result "0-1"]
[WhiteElo "1770"]
[BlackElo "1869"]
[PlyCount "66"]
[EventDate "2015.11.10"]
[EventType "swiss"]
[EventRounds "9"]
[EventCountry "COL"]
[SourceTitle "CBM 169 Extra"]
[Source "ChessBase"]
[SourceDate "2015.12.18"]
[SourceVersion "1"]
[SourceVersionDate "2015.12.18"]
[SourceQuality "1"]

1. d4 Nf6 2. c4 g6 3. Nc3 Bg7 4. e4 0-0 5. e5 Ne8 6. f4 d6 7. Nf3 f6 8. exd6 Qxd6 9. Be2 e5 10. fxe5 fxe5 11. d5 Nf6 12. 0-0 Ng4 13. Qe1 Bf5 14. h3 Qc5+ 15. Kh1 Nf6 16. Na4 Qe7 17. Bd2 Na6 18. Rc1 Ne4 19. Be3 Qd7 20. Nc3 Nac5 21. b4 Nxc3 22. Rxc3 Ne4 23. Ra3 Bxh3 24. Qh4 Bf5 25. g4 Bxg4 26. Rg1 Bxf3+ 27. Bxf3 Rxf3 28. Kg2 Raf8 29. Kh2 Qf5 30. Rb3 Nf2 31. Rg3 e4 32. Bg5 Be5 33. Rbxf3 Qxf3 0-1

[Event "COL-ch (Women)"]
[Site "Quibdo"]
[Date "2015.11.11"]
[Round "3"]
[White "Pachon Gutierrez, Adriana Paola"]
[Black "Velasco, Luz Mariela"]
[Result "1-0"]
[WhiteElo "2030"]
[BlackElo "1770"]
[PlyCount "77"]
[EventDate "2015.11.10"]
[EventType "swiss"]
[EventRounds "9"]
[EventCountry "COL"]
[SourceTitle "CBM 169 Extra"]
[Source "ChessBase"]
[SourceDate "2015.12.18"]
[SourceVersion "1"]
[SourceVersionDate "2015.12.18"]
[SourceQuality "1"]

1. b3 Nf6 2. Bb2 e6 3. e3 d5 4. f4 c5 5. Nf3 Bd6 6. Bb5+ Bd7 7. Bxd7+ Nbxd7 8. 0-0 Qb6 9. Qe1 c4 10. Bd4 Bc5 11. bxc4 Bxd4 12. Nxd4 dxc4 13. Nc3 0-0 14. Rb1 Qa6 15. Qh4 Nc5 16. f5 e5 17. Nf3 Rfe8 18. Rb5 Qc6 19. Qxc4 b6 20. d4 Ng4 21. Nd1 exd4 22. exd4 Re4 23. Ng5 Ne5 24. Qb4 Na6 25. Qb3 Rg4 26. Ne3 Rxg5 27. Rxe5 Rf8 28. Nd5 Kh8 29. c4 Nc7 30. Qa3 Ra8 31. Qe7 f6 32. Qxc7 Qxc7 33. Nxc7 fxe5 34. Nxa8 exd4 35. Nc7 d3 36. Nb5 g6 37. fxg6 Rxb5 38. cxb5 hxg6 39. Kf2 1-0

[Event "COL-ch Amateur"]
[Site "Colombia"]
[Date "2014.03.12"]
[Round "2"]
[White "Diaz Diaz, Jose Joaquin"]
[Black "Velasco, Luz Mariela"]
[Result "1-0"]
[WhiteElo "1931"]
[BlackElo "1831"]
[PlyCount "91"]
[EventDate "2014.03.12"]
[EventType "swiss"]
[EventRounds "9"]
[EventCountry "COL"]
[SourceTitle "CBM 159 Extra"]
[Source "ChessBase"]
[SourceDate "2014.04.24"]
[SourceVersion "1"]
[SourceVersionDate "2014.04.24"]
[SourceQuality "1"]

1. d4 Nf6 2. Nf3 g6 3. g3 Bg7 4. Bg2 0-0 5. 0-0 d5 6. Nbd2 Nc6 7. c4 e6 8. e3 Re8 9. Ne5 h6 10. f4 Nxe5 11. fxe5 Nh7 12. c5 c6 13. Nf3 b6 14. Qc2 Ba6 15. Rf2 bxc5 16. Qxc5 Qb6 17. Rc2 Qxc5 18. Rxc5 Rec8 19. Bd2 Bf8 20. Ra5 Bd3 21. Rc1 a6 22. b4 Bc4 23. Bf1 Bxf1 24. Kxf1 g5 25. g4 f6 26. Ke2 Kf7 27. exf6 Nxf6 28. Ne5+ Kg7 29. h3 Ne4 30. Be1 Bd6 31. Nd3 Kg6 32. Ra3 h5 33. gxh5+ Kxh5 34. Rb3 Ng3+ 35. Bxg3 Bxg3 36. Rbc3 Kh4 37. Kf3 Rf8+ 38. Kg2 Rf6 39. Rxc6 Raf8 40. R6c2 g4 41. Rh1 Bf2 42. hxg4+ Kxg4 43. Nxf2+ Kg5 44. Nh3+ Kg6 45. Nf4+ Kg7 46. Rc7+ 1-0

[Event "COL-ch sf (Women)"]
[Site "Medellin"]
[Date "2014.??.??"]
[Round "1"]
[White "Torres Cardenas, Laura"]
[Black "Velasco, Luz Mariela"]
[Result "1/2-1/2"]
[WhiteElo "1442"]
[BlackElo "1831"]
[PlyCount "21"]
[EventDate "2014.04.15"]
[EventType "swiss"]
[EventRounds "9"]
[EventCountry "COL"]
[SourceTitle "CBM 160 Extra"]
[Source "ChessBase"]
[SourceDate "2014.07.01"]
[SourceVersion "1"]
[SourceVersionDate "2014.07.01"]
[SourceQuality "1"]

1. e4 c5 2. Nf3 e6 3. d4 cxd4 4. Nxd4 a6 5. Nc3 Qc7 6. Be3 Bb4 7. Bd2 Nf6 8. Bd3 Qe5 9. Nf3 Qc7 10. 0-0 Nc6 11. Re1 1/2-1/2

[Event "COL-ch sf (Women)"]
[Site "Medellin"]
[Date "2014.??.??"]
[Round "8"]
[White "Valencia Lopez, Daily Vanessa"]
[Black "Velasco, Luz Mariela"]
[Result "1-0"]
[WhiteElo "1604"]
[BlackElo "1831"]
[PlyCount "105"]
[EventDate "2014.04.15"]
[EventType "swiss"]
[EventRounds "9"]
[EventCountry "COL"]
[SourceTitle "CBM 160 Extra"]
[Source "ChessBase"]
[SourceDate "2014.07.01"]
[SourceVersion "1"]
[SourceVersionDate "2014.07.01"]
[SourceQuality "1"]

1. e4 c5 2. Nf3 e6 3. d4 cxd4 4. Nxd4 a6 5. f3 Bc5 6. Be3 Qb6 7. Nc3 Qxb2 8. Nce2 Bb4+ 9. Kf2 Be7 10. Qb1 Qa3 11. Qb3 Nc6 12. Nxc6 bxc6 13. Rb1 Nf6 14. Qxa3 Bxa3 15. Rb3 Be7 16. Nc3 0-0 17. Be2 a5 18. a4 Ba6 19. Bxa6 Rxa6 20. Rb7 e5 21. Rhb1 Raa8 22. Bg5 Bc5+ 23. Ke2 Bd4 24. Bxf6 gxf6 25. Kd3 Rfd8 26. Rc7 Kf8 27. Rbb7 Ke8 28. Ne2 Bf2 29. Ng3 Ra6 30. Nf5 Rb6 31. Rxb6 Bxb6 32. Rb7 Bc5 33. Kc4 Bg1 34. h3 Bf2 35. Kd3 h5 36. c4 Bc5 37. Ng7+ Ke7 38. Nxh5 Rg8 39. g4 Ke6 40. Ng3 Rh8 41. Nh5 Rg8 42. Ke2 Ra8 43. h4 Ra7 44. Ng7+ Ke7 45. Nf5+ Kd8 46. Rxa7 Bxa7 47. h5 Kc7 48. h6 Kb6 49. Kd3 Kc5 50. Kc3 d5 51. exd5 cxd5 52. cxd5 Kxd5 53. h7 1-0

[Event "COL-ch sf (Women)"]
[Site "Medellin"]
[Date "2014.??.??"]
[Round "7"]
[White "Velasco, Luz Mariela"]
[Black "Gomez Vasquez, Laura Sofia"]
[Result "1-0"]
[WhiteElo "1831"]
[BlackElo "1539"]
[PlyCount "37"]
[EventDate "2014.04.15"]
[EventType "swiss"]
[EventRounds "9"]
[EventCountry "COL"]
[SourceTitle "CBM 160 Extra"]
[Source "ChessBase"]
[SourceDate "2014.07.01"]
[SourceVersion "1"]
[SourceVersionDate "2014.07.01"]
[SourceQuality "1"]

1. Nf3 c6 2. d4 d5 3. c4 Nf6 4. b3 Nbd7 5. e3 e6 6. Bb2 Be7 7. Bd3 0-0 8. Ne5 Nxe5 9. dxe5 Nd7 10. Nd2 dxc4 11. Bxc4 Re8 12. 0-0 Nb6 13. Be2 Qc7 14. Nf3 Rd8 15. Qc2 Bb4 16. a3 Be7 17. e4 Bd7 18. h3 Bc5 19. Qxc5 1-0

[Event "COL-ch (Women)"]
[Site "Ibague"]
[Date "2013.07.03"]
[Round "5"]
[White "Rozo Pulido, Claudia Magally"]
[Black "Velasco, Luz Mariela"]
[Result "0-1"]
[WhiteElo "1456"]
[BlackElo "1819"]
[PlyCount "48"]
[EventDate "2013.07.01"]
[EventType "swiss"]
[EventRounds "9"]
[EventCountry "COL"]
[SourceTitle "EXT 2014"]
[Source "ChessBase"]
[SourceDate "2013.11.20"]
[SourceVersion "1"]
[SourceVersionDate "2013.11.20"]
[SourceQuality "1"]

1. d4 Nf6 2. Nf3 g6 3. Bg5 Ne4 4. Bh4 Bg7 5. e3 d5 6. c4 c6 7. Nbd2 Bg4 8. Be2 h6 9. cxd5 cxd5 10. Qb3 Nxd2 11. Nxd2 Bxe2 12. Kxe2 Qd7 13. h3 0-0 14. Rhd1 g5 15. Bg3 Nc6 16. Rac1 f5 17. f4 e6 18. Nf3 g4 19. hxg4 fxg4 20. Ne5 Bxe5 21. dxe5 Rf5 22. Rh1 Qg7 23. Bh4 d4 24. exd4 Nxd4+ 0-1

[Event "Pamplona IRT rap op (Women)"]
[Site "Pamplona"]
[Date "2012.11.09"]
[Round "1"]
[White "Mateus, Martha"]
[Black "Velasco, Luz Mariela"]
[Result "1-0"]
[WhiteElo "2116"]
[BlackElo "1820"]
[PlyCount "91"]
[EventDate "2012.11.09"]
[EventType "swiss"]
[EventRounds "11"]
[EventCountry "COL"]
[SourceTitle "CBM 151 Extra"]
[Source "ChessBase"]
[SourceDate "2012.12.18"]
[SourceVersion "1"]
[SourceVersionDate "2012.12.18"]
[SourceQuality "1"]

1. e4 c5 2. c3 d5 3. exd5 Qxd5 4. d4 cxd4 5. cxd4 Nc6 6. Nf3 Bg4 7. Nc3 Qd8 8. d5 Ne5 9. Bb5+ Nd7 10. h3 Bxf3 11. Qxf3 Ngf6 12. Bg5 a6 13. Ba4 b5 14. Bc2 Ne5 15. Qe2 Nfd7 16. 0-0 h6 17. Bh4 Qb6 18. Rad1 g5 19. Bg3 Bg7 20. Kh1 0-0 21. f4 gxf4 22. Bxf4 Rae8 23. Qh5 Nf6 24. Qxe5 Ng4 25. Qf5 Nf6 26. Ne4 Nxe4 27. Bxe4 Qg6 28. Qxg6 fxg6 29. Bxg6 Rd8 30. b3 a5 31. Be4 b4 32. g3 Rc8 33. d6 exd6 34. Rxd6 Rfe8 35. Bd5+ Kh8 36. Bc4 Re7 37. Bxh6 Bxh6 38. Rxh6+ Kg7 39. Rd6 Rc5 40. Kg2 Rg5 41. h4 Rg4 42. Rf4 Rxf4 43. gxf4 Ra7 44. f5 Kf8 45. f6 a4 46. Rd8# 1-0

[Event "Pamplona Sub zt 2.3 (Women)"]
[Site "Pamplona"]
[Date "2012.11.06"]
[Round "3"]
[White "Carcamo Posada, Daniela"]
[Black "Velasco, Luz Mariela"]
[Result "0-1"]
[WhiteElo "1691"]
[BlackElo "1813"]
[PlyCount "46"]
[EventDate "2012.11.05"]
[EventType "swiss"]
[EventRounds "9"]
[EventCountry "COL"]
[SourceTitle "EXT 2013"]
[Source "ChessBase"]
[SourceDate "2012.11.22"]
[SourceVersion "1"]
[SourceVersionDate "2012.11.22"]
[SourceQuality "1"]

1. d4 Nf6 2. c4 g6 3. Nc3 Bg7 4. e4 d6 5. Be3 0-0 6. f3 b6 7. Qd2 c5 8. d5 e6 9. Bh6 exd5 10. Bxg7 Kxg7 11. Nxd5 Nc6 12. Be2 Nd4 13. Bd3 Nxd5 14. cxd5 f5 15. Ne2 Qh4+ 16. g3 Nxf3+ 17. Kd1 Nxd2 18. gxh4 Nxe4 19. Rf1 Bd7 20. Ng3 Nf6 21. Bc4 b5 22. Re1 bxc4 23. Re7+ Rf7 0-1

[Event "Pamplona Sub zt 2.3 (Women)"]
[Site "Pamplona"]
[Date "2012.11.06"]
[Round "4"]
[White "Velasco, Luz Mariela"]
[Black "Munoz, Laura Alexandra"]
[Result "1-0"]
[WhiteElo "1813"]
[BlackElo "1884"]
[PlyCount "85"]
[EventDate "2012.11.05"]
[EventType "swiss"]
[EventRounds "9"]
[EventCountry "COL"]
[SourceTitle "EXT 2013"]
[Source "ChessBase"]
[SourceDate "2012.11.22"]
[SourceVersion "1"]
[SourceVersionDate "2012.11.22"]
[SourceQuality "1"]

1. d4 Nf6 2. Nf3 c5 3. d5 d6 4. b3 e6 5. dxe6 fxe6 6. Bb2 Be7 7. e3 Nc6 8. Bd3 0-0 9. a3 Qc7 10. Nbd2 d5 11. 0-0 Kh8 12. c4 Ng4 13. h3 Nge5 14. Nxe5 Nxe5 15. Bxh7 Kxh7 16. Qh5+ Kg8 17. Bxe5 Bd6 18. f4 Rf5 19. Bxd6 Qxd6 20. Qe2 d4 21. g3 Bd7 22. e4 Rf7 23. Nf3 Re7 24. e5 Qb6 25. Qd3 Be8 26. Ng5 g6 27. Ne4 Bc6 28. Nf6+ Kg7 29. Rf2 Rh8 30. Rh2 Qc7 31. Re1 Qa5 32. Ra1 b5 33. h4 bxc4 34. bxc4 Be8 35. Rb1 Bf7 36. Rhb2 Qa6 37. Rb5 Qc6 38. Ne4 g5 39. Rxc5 Qa8 40. fxg5 Bg6 41. Re1 Rf8 42. Qxd4 Rd8 43. Nd6 1-0

[Event "Latin Cup-A 3rd"]
[Site "Cali"]
[Date "2012.10.06"]
[Round "4"]
[White "Velasco, Luz Mariela"]
[Black "Salcedo, Diana"]
[Result "0-1"]
[WhiteElo "1813"]
[BlackElo "2014"]
[PlyCount "129"]
[EventDate "2012.10.04"]
[EventType "swiss"]
[EventRounds "9"]
[EventCountry "COL"]
[SourceTitle "CBM 150 Extra"]
[Source "ChessBase"]
[SourceDate "2012.10.19"]
[SourceVersion "1"]
[SourceVersionDate "2012.10.19"]
[SourceQuality "1"]

1. d4 Nf6 2. Nf3 e6 3. c3 c5 4. Bf4 Nc6 5. h3 d5 6. e3 Bd6 7. Bxd6 Qxd6 8. Bd3 e5 9. dxe5 Nxe5 10. Nxe5 Qxe5 11. Bb5+ Nd7 12. Nd2 0-0 13. Nf3 Qe6 14. Bd3 h6 15. Qc2 Nf6 16. 0-0 Ne4 17. c4 Nf6 18. cxd5 Qxd5 19. Bc4 Qc6 20. Ne5 Qc7 21. Ng6 Re8 22. Nf4 Bd7 23. a4 Bc6 24. Rfd1 Rad8 25. Rac1 Qe7 26. Ng6 Qe4 27. Qxe4 Bxe4 28. Nf4 Rxd1+ 29. Rxd1 Bc2 30. Ra1 Rd8 31. b3 g5 32. Ne2 Nd5 33. Rc1 Nb4 34. Ng3 Kf8 35. Re1 Ke7 36. e4 Kf6 37. Nf5 h5 38. g4 hxg4 39. hxg4 Rd1 40. Rxd1 Bxd1 41. Ne3 Bf3 42. Nf5 Bxe4 43. Nd6 Bf3 44. Nxf7 Bxg4 45. Kg2 Bd1 46. Nd6 b6 47. Nc8 Nc6 48. Nd6 Nd4 49. Ne4+ Kf5 50. Nd2 Kf4 51. Bd5 g4 52. Bc4 Nf3 53. Nb1 Ne5 54. Be6 Bf3+ 55. Kh2 Nc6 56. Nd2 Bd1 57. Nf1 Nd4 58. Bd7 Bxb3 59. Ne3 Nf3+ 60. Kg2 Ne5 61. Be8 c4 62. Nd5+ Kg5 63. Kg3 Bd1 64. Ne3 Bf3 65. Nd5 0-1

[Event "Latin Cup-A 3rd"]
[Site "Cali"]
[Date "2012.10.05"]
[Round "3"]
[White "Pardo, Alejandro"]
[Black "Velasco, Luz Mariela"]
[Result "1-0"]
[WhiteElo "2181"]
[BlackElo "1813"]
[PlyCount "51"]
[EventDate "2012.10.04"]
[EventType "swiss"]
[EventRounds "9"]
[EventCountry "COL"]
[SourceTitle "CBM 150 Extra"]
[Source "ChessBase"]
[SourceDate "2012.10.19"]
[SourceVersion "1"]
[SourceVersionDate "2012.10.19"]
[SourceQuality "1"]

1. e4 c5 2. Nc3 e6 3. b3 g6 4. Bb2 Bg7 5. f4 d5 6. Bb5+ Nc6 7. Bxc6+ bxc6 8. Qf3 Ba6 9. d3 Ne7 10. 0-0-0 0-0 11. h4 d4 12. Nce2 Bb7 13. h5 a5 14. a4 f5 15. Nh3 fxe4 16. Qxe4 Qd5 17. Ng5 e5 18. hxg6 hxg6 19. fxe5 Qxe4 20. Nxe4 Bxe5 21. Nxc5 Bc8 22. Nxd4 Bg7 23. Rde1 Re8 24. Nxc6 Bxb2+ 25. Kxb2 Bf5 26. Nxe7+ 1-0